| 000 | 00990nas a2200313 4500 | ||
|---|---|---|---|
| 001 | BR0809270 | ||
| 003 | BR-BrBNA | ||
| 005 | 20231205112703.0 | ||
| 007 | ta | ||
| 008 | 230509b bl.|||p| |||| 00| 00por d | ||
| 040 |
_aBR-BrBNA _bpor _cBiblioteca Nacional de Agricultura |
||
| 041 | _a(Pt) | ||
| 072 | _aL01 | ||
| 100 | 1 | _aLopes, M.L.T. | |
| 100 | 1 | _aCarvalho, P.C. de F. | |
| 100 | 1 | _aAnghinoni, I. | |
| 100 | 1 | _aSantos, D.T. | |
| 100 | 1 | _aKuss, F. | |
| 100 | 1 | _aFreitas, K. de | |
| 100 | 1 | _aFlores, J.P.C. | |
| 245 | 1 | _aSistema de integração lavoura-pecuária: desempenho e qualidade da carcaça de novilhos superprecoces terminados em pastagem de aveia e azevém manejada sob diferentes alturas | |
| 650 | _aGANHO DE PESO | ||
| 650 | _aABATE | ||
| 650 | _aCARCAÇA | ||
| 650 | _aNOVILHO | ||
| 773 | 0 |
_tCiência Rural (Brazil) _xISSN 0103-8478 _g(Jan-Feb 2008), v. 38(1) p. 178-184 _wBR0809270 |
|
| 909 |
_a202311 _bLúcia _c55 _dLúcia Elande |
||
| 942 |
_2AGRIS _n0 _cANA |
||
| 999 |
_c199371 _d199371 |
||